| 000 | 00483nam a22001817a 4500 | ||
|---|---|---|---|
| 999 |
_c526413 _d526413 |
||
| 003 | NUST | ||
| 020 | _a9694960126 | ||
| 038 | _aZafar Malik | ||
| 082 |
_a891.4911 _bSAL |
||
| 100 |
_aSaleem, Ahmed _914580 |
||
| 245 |
_aQabar Jinah Di Jeeway \ _cAhmed Saleem |
||
| 260 |
_aIslamabad : _bDost Publications ; _c1996. |
||
| 300 | _a132 p. ; | ||
| 500 | _aHardcover | ||
| 880 |
_6100-02\r _aاحمد سلیم |
||
| 880 |
_6245-02\r _aقبر جنہاں دی جیوے |
||
| 942 |
_2ddc _cBK |
||